Backstreet Boys Songs - Statistics

General Stats
  • This quiz has been taken 362 times
  • The average score is 36 of 119
Answer Stats
Hint Answer % Correct
I Want It That Way
94%
Reimagined single (2019) I Want It That Way (Reimagined)
94%
Backstreet’s Back (1997) Everybody (Backstreet’s Back)
90%
As Long as You Love Me
78%
Quit Playing Games (With My Heart)
75%
Millennium (1999) Larger Than Life
74%
Shape of My Heart
73%
Black & Blue (2000) The Call
73%
Get Down (You’re the One for Me)
68%
Never Gone (2005) Incomplete
66%
Show Me the Meaning of Being Lonely
66%
The Hits—Chapter One (2001) Drowning
65%
The One
64%
I’ll Never Break Your Heart
62%
All I Have to Give
60%
Backstreet Boys (1996) We’ve Got It Goin’ On
53%
Get Another Boyfriend
47%
In A World Like This (2013) In A World Like This
47%
Don’t Want You Back
46%
Never Gone
45%
Anywhere for You
44%
Spanish Eyes
44%
The Perfect Fan
44%
DNA (2019) Don’t Go Breaking My Heart
42%
I Need You Tonight
42%
It’s Gotta Be You
42%
More Than That
42%
Hey Mr. DJ (Keep Playin’ This Song)
39%
Inconsolable
39%
Chances
38%
Just Want You to Know
38%
No Place
38%
Everyone
37%
Don’t Wanna Lose You Now
35%
This Is Us (2009) Straight Through My Heart
35%
That’s The Way I Like It
35%
This Is Us
35%
Back to Your Heart
34%
I Still…
32%
Siberia
32%
Bigger
31%
Show ‘em (What You’re Made Of)
31%
Shining Star
30%
10.000 Promises
29%
Boys Will Be Boys
29%
Helpless When She Smiles
29%
Time
28%
Breathe
27%
Crawling Back to You
27%
No One Else Comes Close
27%
How Did I Fall in Love with You
26%
Darlin’
25%
Let’s Have a Party
25%
Not for Me
25%
Set Adrift on Memory Bliss
25%
The Answer to Our Life
25%
Climbing the Walls
24%
I Wanna Be with You
24%
Poster Girl
24%
It’s True
23%
Nobody but You
23%
PDA
23%
Like A Child
22%
My Beautiful Woman
22%
Permanent Stain
22%
Roll with It
22%
Safest Place to Hide
21%
Undone
21%
Weird World
21%
Yes I Will
21%
I Promise You (With Everything I Am)
20%
One in a Million
20%
That’s What She Said
20%
If I Don’t Have You
19%
If I Knew Then
19%
Masquerade
19%
New Love
19%
Passionate
19%
Chateau
18%
Unbreakable (2007) Intro
18%
Shattered
18%
Soldier
18%
Something That I Already Know
18%
Unsuspecting Sunday Afternoon
18%
Lose It All
17%
Madeleine
17%
Unmistakable
17%
Bye Bye Love
16%
Every Time I Close My Eyes
16%
Nobody Else
16%
OK
16%
Panic
16%
Treat Me Right
16%
All of Your Life (You Need Love)
15%
Don’t Turn Out the Lights
15%
Downpour
15%
Any Other Way
14%
Everything But Mine
14%
Feels Like Home
14%
In Pieces
14%
Just to Be Close to You
14%
She’s a Dream
14%
Trust Me
14%
Love Somebody
13%
The Way It Was
13%
Try
13%
Just Like You Like It
12%
Love Will Keep You Up All Night
12%
One Phone Call
12%
Trouble Is
12%
You Can Let Go
12%
If You Want to Be a Good Girl (Get Yourself a Bad Boy)
10%
Is It Just Me
10%
Christmas single (2012) It’s Christmas Time Again
10%
single (2019) Let It Be Me
10%
Make Believe
10%
NKOTBSB (2011) All In My Head
8%
NKOTBSB Mash Up - Mash Up
5%
No matching quizzes found
Score Distribution
Percent of People with Each Score
Percentile by Number Answered
Your Score History
You have not taken this quiz